Taylor Swift - Chansons par longueur du titre - Statistiques

Statistiques générales
  • Ce quiz a été pris 175 fois
  • Le résultat moyen est 19 sur 28
Statistiques - réponses
Hint Réponse % Correct
2 22 / ME!
93%
10 The Oustide / Hey Stephen / White Horse / The Best Day / Bye Bye Baby / Dear Reader / Foolish One / All Too Well / Holy Ground / Begin Again / Girl At Home / Nothing New / Blank Space / Shake It Off / I Know Places / ...Ready For It? / Getaway Car / Paper Rings / mirrorball / tolerate it / Mastermind / The Alchemy
91%
8 Fearless / Tell Me Why / Dear John / Innocent / Last Kiss / Long Live / Superman / Timeless / Bad Blood / Delicate / So It Goes... / Gorgeous / False God / Daylight / cardigan / epiphany / mad woman / the lakes / gold rush / dorothea / marjorie / evermore / Anti-hero / Fortnight / Clara Bow / Eyes Open / Macavity / Carolina
88%
4 Mine / Mean / Ours / Babe / "Slut!" / the 1 / hoax / loml
88%
5 Ronan /Style / Clean / Lover / exile / seven / peace / Karma / Paris / Peter / Robin
88%
9 Tim McGraw / Cold As You / Invisible / Love Story / SuperStar / That's When / Sparks Fly / Enchanted / I Almost Do / Starlight / Better Man / Wonderland / Say Don't Go / The Archer / London Boy / Afterglow / happiness / Bejeweled / Labyrinth / Cassandra / The Bolter
86%
6 Change / Dress / The Man / august / betty / willow / Maroon / Glitch / I Heart?
85%
11 Untouchable / We Were Happy / Never Grow Up / Treacherous / The Last Time / The Lucky One / Is It Over Now? / Don't Blame Me / New Year's Day / Cruel Summer / coney island / it's time to go / The Great War / Guilty As Sin? / The Black Dog / How Did It End? / I Hate It Here / The Prophecy
84%
26 The Tortured Poets Department / The Smallest Man Who Ever Lived / Chloe or Sam or Sophia or Marcus
81%
17 A Place In This World / Mary's Song (Oh My My My) / Come In With The Rain / Better Than Revenge / Castles Crumbling / Message in a Bottle / The Very First Night / Now That We Don't Talk / Sweeter Than Fiction / Call It What You Want / champagne problems / You're on Your Own, Kid / Imgonnagetyouback / Christmas Tree Farm
80%
7 Our Song / Fifteen / Breathe / Don't You / Speak Now / Haunted / This Love / End Game / closure / Question...? / Down Bad / Florida!!! / Crazier
80%
13 Picture to Burn / Stay Beautiful / Should've Said No / You're Not Sorry / Forever Winter / Out of the Woods / I Wish You Would / Wildest Dreams / King Of My Heart / I Think He Knows / this is me trying / illicit affairs / no body, no crime / Vigilante Shit / Hits Different / You're Losing Me / thanK you alMee / Beautiful Eyes
80%
12 Jump Then Fall / You All Over Me / The Story Of Us / State Of Grace / Stay Stay Stay / You Are in Love / New Romantics / cowboy like me / Lavender Haze / Midnight Rain / Sweet Nothing / So Long, London / So High School / The Manuscript / Safe And Sound / Only the Young
76%
19 Teardrops On My Guitar / A Perfectly Good Heart / When Emma Falls In Love / I Bet You Think About Me / All You Had to Do Was Stay / Look What You Made Me Do
74%
33 We Are Never Ever Getting Back Together / Miss Americana & the Heartbreak Prince
73%
3 Red / Run / ivy
71%
16 Welcome to New York / How You Get the Girl / I Did Something Bad / 'tis the damn season / Snow on the Beach / But Daddy I Love Him / If This Was a Movie
71%
18 Today Was a Fairytale / I Knew You Were Trouble / Sad Beautiful Tragic / Soon You'll Get Better / right were you left me / Fresh Out The Slammer
65%
15 You Belong With Me / The Way I Loved You / Mr. Perfectly Fine / Suburban Legends / my tears ricochet / invisible string / Beautiful Ghosts
59%
23 Dancing With Our Hands Tied / Who's Afraid Of Little Old Me?
53%
14 Forever & Always / Back To December / Electric Touch / The Moment I Knew / Come Back… Be Here / Cornelia Street / long story short / High Infidelity / The Albatross
52%
24 I Can Do It with a Broken Heart
52%
21 I'm Only Me When I'm With You / The Other Side Of The Door / I Forgot That You Existed / Bigger Than the Whole Sky / I Look in People's Windows
51%
30 It's Nice to Have a Friend / My Boy Only Breaks His Favorite Toys
50%
27 the last great american dynasty / All Of The Girls You Loved Before
48%
29 This is Why We Can't Have Nice Things
48%
22 Tied Together With A Smile / Would've, Could've, Should've / I Can Fix Him (No Really I Can)
48%
20 Death by a Thousand Cuts
20%
Aucun quiz correspondant
Distribution des résultats
% des personnes avec chaque résultat
Percentile par nombre de réponses
Votre historique - résultats
Vous n’avez pas pris ce quiz